00343nam a22001337a 4500003000400000008004100004082001400045100003100059245003300090250000900123260005000132300001000182650001700192OSt200710b ||||| |||| 00| 0 eng d a615.1 BOF aBothara, K. G. and Bothara aFundamentals of Pharmacology a2018 a Parkashan New DelhibNirali Parkashanc2018 a30.22 aPharmacology